000 00354pab a2200157 454500
008 180718b2013 xxu||||| |||| 00| 0 eng d
100 _aGowda, Huchhe
245 _aAn appraisal of rural education
260 _c2013
300 _ap.28-33.
362 _aSep
650 _aRural education
773 _aKurukshetra
908 _aN
909 _a101661
999 _c101659
_d101659